[Event "San Francisco Grey Memorial"]
[Site "San Francisco"]
[Date "2017.09.12"]
[Round "6"]
[White "Greene, Sam"]
[Black "Harris, Clarence"]
[Result "1-0"]
[WhiteElo "1507"]
[BlackElo "1422"]
[PlyCount "45"]
[EventDate "2017.08.08"]
[EventType "swiss"]
[EventRounds "9"]
[EventCountry "USA"]
[SourceTitle "EXT 2023"]
[Source "ChessBase"]
[SourceDate "2022.10.05"]
[SourceVersion "1"]
[SourceVersionDate "2022.10.05"]
[SourceQuality "1"]

1. e4 e5 2. Bc4 Nf6 3. Nc3 Nc6 4. d3 Be7 5. a3 d6 6. h3 Nd4 7. Nge2 Bd7 8. Nxd4 exd4 9. Ne2 c5 10. f4 Bc6 11. Ba2 0-0 12. 0-0 b5 13. Ng3 Qc7 14. Bd2 c4 15. Nf5 Rae8 16. Nxd4 Qb6 17. Be3 cxd3 18. cxd3 d5 19. Nf5 Qb7 20. e5 Nd7 21. Rc1 d4 22. Bxd4 Bxg2 23. Qg4 1-0

[Event "San Francisco Grey Memorial"]
[Site "San Francisco"]
[Date "2017.08.15"]
[Round "2"]
[White "Harris, Clarence"]
[Black "Revi, Frank"]
[Result "1-0"]
[WhiteElo "1422"]
[BlackElo "1306"]
[PlyCount "94"]
[EventDate "2017.08.08"]
[EventType "swiss"]
[EventRounds "9"]
[EventCountry "USA"]
[SourceTitle "EXT 2023"]
[Source "ChessBase"]
[SourceDate "2022.10.05"]
[SourceVersion "1"]
[SourceVersionDate "2022.10.05"]
[SourceQuality "1"]

1. e4 c5 2. Nc3 Nc6 3. g3 e6 4. Bg2 d6 5. f4 Nf6 6. Nf3 Be7 7. 0-0 Qc7 8. d3 0-0 9. Be3 Ng4 10. Bd2 a6 11. h3 Nf6 12. Qe2 Nh5 13. Kh2 Bd7 14. g4 Nf6 15. g5 Ne8 16. Nh4 Nd4 17. Qh5 d5 18. e5 Nf5 19. Nxf5 exf5 20. Nxd5 Qd8 21. Nxe7+ Qxe7 22. Bxb7 Rb8 23. Bxa6 Rxb2 24. Rfc1 Ba4 25. Qd1 Nc7 26. Bc3 Rbb8 27. Bc4 Ne6 28. Bxe6 Qxe6 29. Rcb1 Rbd8 30. Rb2 c4 31. d4 Qd5 32. Qe2 Bb5 33. a4 Bc6 34. a5 Ra8 35. Rb6 Ra7 36. Rab1 Re8 37. Qf1 Qe4 38. Qf2 Rb7 39. Re1 Qd5 40. Kg3 f6 41. gxf6 Rxb6 42. axb6 Qf7 43. Kh2 gxf6 44. Rg1+ Kh8 45. Qg3 Rg8 46. Qxg8+ Qxg8 47. Rxg8+ Kxg8 1-0

[Event "San Francisco TNM Fall op"]
[Site "San Francisco"]
[Date "2016.12.13"]
[Round "9"]
[White "Yanofsky, Kevin"]
[Black "Harris, Clarence"]
[Result "1-0"]
[WhiteElo "1694"]
[BlackElo "1400"]
[PlyCount "60"]
[EventDate "2016.10.18"]
[EventType "swiss"]
[EventRounds "9"]
[EventCountry "USA"]
[SourceTitle "EXT 2018"]
[Source "ChessBase"]
[SourceDate "2017.10.13"]
[SourceVersion "1"]
[SourceVersionDate "2017.10.13"]
[SourceQuality "1"]

1. d4 Nf6 2. c4 g6 3. Nc3 Bg7 4. Nf3 0-0 5. Bg5 h6 6. Bh4 d6 7. e3 g5 8. Bg3 Nh5 9. Bd3 Nxg3 10. hxg3 Bg4 11. Qc2 Bxf3 12. Bh7+ Kh8 13. gxf3 Nc6 14. a3 e5 15. dxe5 Nxe5 16. Qe4 c6 17. Bf5 Qf6 18. g4 Rae8 19. Ke2 Ng6 20. Qc2 Qd4 21. Bxg6 fxg6 22. Qxg6 Qxc4+ 23. Kd2 Re6 24. Qxg5 Rxf3 25. Qh4 Rg6 26. Rhf1 Rxg4 27. Qh5 Kh7 28. Rae1 Bxc3+ 29. bxc3 Rf5 30. Qxf5+ Rg6 1-0

[Event "San Francisco TNM Fall op"]
[Site "San Francisco"]
[Date "2016.11.29"]
[Round "7"]
[White "Hack, Richard"]
[Black "Harris, Clarence"]
[Result "1-0"]
[WhiteElo "1611"]
[BlackElo "1400"]
[PlyCount "45"]
[EventDate "2016.10.18"]
[EventType "swiss"]
[EventRounds "9"]
[EventCountry "USA"]
[SourceTitle "EXT 2018"]
[Source "ChessBase"]
[SourceDate "2017.10.13"]
[SourceVersion "1"]
[SourceVersionDate "2017.10.13"]
[SourceQuality "1"]

1. c4 Nf6 2. Nc3 g6 3. g3 Bg7 4. Bg2 0-0 5. Nf3 d6 6. d3 e5 7. Bd2 Bd7 8. b4 Nc6 9. Rb1 Qc8 10. 0-0 Bh3 11. Qc1 Nd4 12. Nxd4 exd4 13. Nb5 Bxg2 14. Kxg2 Ne8 15. Bh6 a6 16. Bxg7 Kxg7 17. Nxd4 c5 18. Nf3 b5 19. Qb2+ Kg8 20. Rfc1 Nc7 21. cxb5 Qb7 22. bxc5 Qxb5 23. cxd6 1-0

[Event "San Francisco TNM Fall op"]
[Site "San Francisco"]
[Date "2016.11.08"]
[Round "4"]
[White "Trapani, Nick Leonard"]
[Black "Harris, Clarence"]
[Result "0-1"]
[WhiteElo "1132"]
[BlackElo "1400"]
[PlyCount "52"]
[EventDate "2016.10.18"]
[EventType "swiss"]
[EventRounds "9"]
[EventCountry "USA"]
[SourceTitle "EXT 2018"]
[Source "ChessBase"]
[SourceDate "2017.10.13"]
[SourceVersion "1"]
[SourceVersionDate "2017.10.13"]
[SourceQuality "1"]

1. e4 e5 2. Nf3 Nc6 3. Bc4 Nf6 4. d3 Be7 5. 0-0 0-0 6. Re1 d6 7. h3 Na5 8. Bb5 c6 9. Ba4 b5 10. Bb3 Nxb3 11. axb3 Be6 12. c3 Qd7 13. d4 exd4 14. cxd4 Qc7 15. e5 dxe5 16. dxe5 Nd5 17. Nc3 Rad8 18. Nd4 Nxc3 19. bxc3 Qb7 20. Be3 c5 21. Qf3 Bd5 22. Qf5 cxd4 23. cxd4 Bxg2 24. Kh2 Be4 25. Qg4 Bf3 26. Bg5 Bxg4 0-1

[Event "San Francisco TNM Fall op"]
[Site "San Francisco"]
[Date "2016.11.01"]
[Round "3"]
[White "Harris, Clarence"]
[Black "Boldi, Nicholas Armen"]
[Result "1/2-1/2"]
[WhiteElo "1400"]
[BlackElo "1133"]
[PlyCount "57"]
[EventDate "2016.10.18"]
[EventType "swiss"]
[EventRounds "9"]
[EventCountry "USA"]
[SourceTitle "EXT 2018"]
[Source "ChessBase"]
[SourceDate "2017.10.13"]
[SourceVersion "1"]
[SourceVersionDate "2017.10.13"]
[SourceQuality "1"]

1. e4 e6 2. d3 d5 3. Nd2 c6 4. g3 dxe4 5. Nxe4 c5 6. Bg2 Nc6 7. Nf3 b6 8. 0-0 Bb7 9. Re1 Be7 10. Bd2 Nf6 11. Nxf6+ Bxf6 12. Rb1 Ne7 13. Bf4 Ng6 14. Bd2 0-0 15. Bc3 Be7 16. Ne5 Bxg2 17. Kxg2 Qd5+ 18. Kg1 Nxe5 19. Bxe5 Qxa2 20. c4 Qa6 21. Qf3 Qc8 22. Qg4 f6 23. Bc3 e5 24. Qxc8 Raxc8 25. f4 Rfd8 26. fxe5 fxe5 27. Bxe5 Bf8 28. Re3 Re8 29. Rbe1 1/2-1/2

[Event "San Francisco Benson Memorial"]
[Site "San Francisco"]
[Date "2016.08.23"]
[Round "4"]
[White "Bayaraa, Bilguun"]
[Black "Harris, Clarence"]
[Result "1-0"]
[WhiteElo "1028"]
[BlackElo "1400"]
[PlyCount "71"]
[EventDate "2016.08.02"]
[EventType "swiss"]
[EventRounds "9"]
[EventCountry "USA"]
[SourceTitle "EXT 2018"]
[Source "ChessBase"]
[SourceDate "2017.10.13"]
[SourceVersion "1"]
[SourceVersionDate "2017.10.13"]
[SourceQuality "1"]

1. d4 Nf6 2. c4 g6 3. Nc3 Bg7 4. e4 d6 5. f3 0-0 6. Be3 Nbd7 7. Bd3 c5 8. d5 Ne5 9. Nge2 Nfd7 10. Qc2 Nxd3+ 11. Qxd3 Ne5 12. Qc2 Nxc4 13. Bf4 Bd7 14. b3 Ne5 15. 0-0 b5 16. Bxe5 Bxe5 17. Rfd1 b4 18. f4 Rb8 19. fxe5 bxc3 20. Qxc3 dxe5 21. Qxc5 Bg4 22. Rd2 Qb6 23. Qxb6 axb6 24. Nc3 b5 25. a3 Rfc8 26. Na2 f5 27. exf5 Bxf5 28. Re1 Rc2 29. Rxc2 Bxc2 30. Rxe5 Bxb3 31. Nb4 Bc4 32. Rxe7 Ra8 33. h3 Rf8 34. Rb7 Ra8 35. d6 Rxa3 36. Rb8+ 1-0

[Event "San Francisco Leighton Memorial"]
[Site "San Francisco"]
[Date "2015.08.10"]
[Round "2"]
[White "Morgan, Jerry"]
[Black "Harris, Clarence"]
[Result "1/2-1/2"]
[WhiteElo "1510"]
[BlackElo "1507"]
[PlyCount "101"]
[EventDate "2015.08.04"]
[EventType "swiss"]
[EventRounds "9"]
[EventCountry "USA"]
[SourceTitle "EXT 2023"]
[Source "ChessBase"]
[SourceDate "2022.10.05"]
[SourceVersion "1"]
[SourceVersionDate "2022.10.05"]
[SourceQuality "1"]

1. f4 d6 2. Nf3 Nf6 3. b3 e6 4. Bb2 Be7 5. e3 Nc6 6. Be2 Bd7 7. 0-0 0-0 8. Na3 a6 9. Qe1 b5 10. d3 d5 11. Ne5 Be8 12. Qg3 Bc5 13. Kh1 d4 14. e4 Ne7 15. Qg5 h6 16. Qh4 Nc6 17. Rf3 Nxe5 18. fxe5 Nh7 19. Qg4 Qg5 20. Qxg5 Nxg5 21. Rg3 Rd8 22. Rf1 Be7 23. Nb1 c5 24. Nd2 Bc6 25. Bc1 Kh7 26. Rf4 f5 27. exf6 Bxf6 28. Nf3 Nxf3 29. Rgxf3 e5 30. Rg4 Bd7 31. Rgg3 Be6 32. Ba3 b4 33. Bc1 Bd7 34. a4 a5 35. Kg1 Rf7 36. Rf1 Rdf8 37. Rgf3 Bg4 38. R3f2 Bxe2 39. Rxe2 Bh4 40. Rxf7 Rxf7 41. g3 Bg5 42. Bxg5 hxg5 43. g4 Kg6 44. Kg2 Rf4 45. h3 Kh6 46. Re1 Kg6 47. Rh1 Kf6 48. Kg3 g6 49. h4 gxh4+ 50. Rxh4 Kg7 51. Rh1 1/2-1/2

[Event "San Francisco TNM Winter op"]
[Site "San Francisco"]
[Date "2015.01.06"]
[Round "1"]
[White "Harris, Clarence"]
[Black "Bayaraa, Chinguun"]
[Result "0-1"]
[WhiteElo "1582"]
[BlackElo "2062"]
[PlyCount "68"]
[EventDate "2015.01.06"]
[EventType "swiss"]
[EventRounds "8"]
[EventCountry "USA"]
[SourceTitle "EXT 2016"]
[Source "ChessBase"]
[SourceDate "2015.10.08"]
[SourceVersion "1"]
[SourceVersionDate "2015.10.08"]
[SourceQuality "1"]

1. e4 c5 2. Nc3 d6 3. d3 Nc6 4. f4 Nf6 5. Nf3 e6 6. g3 a6 7. Bg2 Qc7 8. 0-0 Be7 9. Bd2 b5 10. a3 Bb7 11. Qe2 0-0 12. h4 Rac8 13. Nh2 Nd4 14. Qd1 d5 15. e5 Nd7 16. Ne2 Nxe2+ 17. Qxe2 d4 18. Be4 Bxe4 19. Qxe4 c4 20. Bb4 Bc5 21. h5 a5 22. Bd2 c3 23. bxc3 dxc3+ 24. Be3 Bxe3+ 25. Qxe3 Ra8 26. g4 b4 27. axb4 axb4 28. g5 Nb6 29. Ng4 Nd5 30. Qe4 Rxa1 31. Rxa1 b3 32. cxb3 c2 33. Rc1 Qc3 34. Qc4 Rc8 0-1

[Event "San Francisco TNM Fall op"]
[Site "San Francisco"]
[Date "2014.12.16"]
[Round "8"]
[White "Harris, Clarence"]
[Black "Simpkins, Jerry"]
[Result "0-1"]
[WhiteElo "1617"]
[BlackElo "1500"]
[PlyCount "86"]
[EventDate "2014.10.21"]
[EventType "swiss"]
[EventRounds "8"]
[EventCountry "USA"]
[SourceTitle "EXT 2016"]
[Source "ChessBase"]
[SourceDate "2015.10.08"]
[SourceVersion "1"]
[SourceVersionDate "2015.10.08"]
[SourceQuality "1"]

1. e4 e5 2. Nf3 d5 3. exd5 e4 4. Qe2 f5 5. d3 Nf6 6. Bg5 Be7 7. dxe4 fxe4 8. Bxf6 Bxf6 9. Qxe4+ Kf7 10. Qb4 Re8+ 11. Be2 Qxd5 12. Nc3 Bxc3+ 13. Qxc3 h6 14. Rd1 Qe4 15. Rd2 Nc6 16. Qd3 Qg4 17. 0-0 Be6 18. Nd4 Qxd4 19. Qxd4 Nxd4 20. Rxd4 Rad8 21. Bh5+ g6 22. Rf4+ Kg7 23. Bf3 c6 24. Re1 Rd2 25. h3 Rxc2 26. Bg4 Bf7 27. Rxe8 Bxe8 28. Re4 Bf7 29. Re7 Kf6 30. Rxb7 Bxa2 31. Rxa7 Rxb2 32. Bf3 Bd5 33. Bxd5 cxd5 34. Ra6+ Kg5 35. g3 h5 36. Rd6 Rd2 37. f4+ Kf5 38. Kf1 h4 39. gxh4 Kxf4 40. Rxg6 Rh2 41. Rg4+ Kf3 42. h5 Rxh3 43. Ke1 Kxg4 0-1

[Event "San Francisco TNM Fall op"]
[Site "San Francisco"]
[Date "2014.11.18"]
[Round "4"]
[White "Olson, David L"]
[Black "Harris, Clarence"]
[Result "1-0"]
[WhiteElo "1407"]
[BlackElo "1617"]
[PlyCount "58"]
[EventDate "2014.10.21"]
[EventType "swiss"]
[EventRounds "8"]
[EventCountry "USA"]
[SourceTitle "EXT 2016"]
[Source "ChessBase"]
[SourceDate "2015.10.08"]
[SourceVersion "1"]
[SourceVersionDate "2015.10.08"]
[SourceQuality "1"]

1. Nf3 Nf6 2. c4 g6 3. g3 Bg7 4. Nc3 0-0 5. Bg2 d6 6. Rb1 e5 7. d3 Be6 8. 0-0 a5 9. a3 Qd7 10. Ng5 Bf5 11. Bxb7 Ra7 12. Bg2 h6 13. Nge4 Kh7 14. Nxf6+ Bxf6 15. Nd5 Bg7 16. b4 c6 17. Nb6 Qe8 18. Be3 Ra6 19. c5 d5 20. h3 axb4 21. axb4 Nd7 22. Ra1 Rxa1 23. Qxa1 Nxb6 24. cxb6 Qa8 25. Bc5 Qxa1 26. Rxa1 Rb8 27. Ra7 Bc8 28. Rxf7 Kg8 29. Rc7 Ra8 1-0

[Event "San Francisco TNM Jay Whitehead op"]
[Site "San Francisco"]
[Date "2014.08.26"]
[Round "4"]
[White "Eytan, David"]
[Black "Harris, Clarence"]
[Result "0-1"]
[WhiteElo "1496"]
[BlackElo "1655"]
[PlyCount "80"]
[EventDate "2014.08.05"]
[EventType "swiss"]
[EventRounds "9"]
[EventCountry "USA"]
[SourceTitle "EXT 2016"]
[Source "ChessBase"]
[SourceDate "2015.10.08"]
[SourceVersion "1"]
[SourceVersionDate "2015.10.08"]
[SourceQuality "1"]

1. e4 e5 2. Nf3 Nc6 3. d4 exd4 4. Nxd4 Qh4 5. Nc3 Bb4 6. Ndb5 Ba5 7. g3 Qxe4+ 8. Qe2 Qxe2+ 9. Bxe2 a6 10. Na3 Nf6 11. Bf4 0-0 12. 0-0 b5 13. Nd1 Nd4 14. Bd3 Bb7 15. Ne3 Nf3+ 16. Kg2 Nd2+ 17. Kg1 Nxf1 18. Kxf1 Rfe8 19. c3 Nd5 20. Nxd5 Bxd5 21. Nc2 Be4 22. Rd1 Rad8 23. Ne3 Bb6 24. Bxe4 Bxe3 25. Bxh7+ Kxh7 26. Bxe3 d5 27. h4 Re4 28. Rd2 c6 29. b3 a5 30. Bb6 Rde8 31. Bxa5 Re1+ 32. Kg2 R8e2 33. Rxe2 Rxe2 34. a4 bxa4 35. bxa4 Ra2 36. Kf3 Rxa4 37. Bb4 d4 38. Ke2 dxc3 39. Bxc3 g6 40. Ke3 f5 0-1